| 000 | 00423cam a2200169ua 4500 | ||
|---|---|---|---|
| 020 | _a81-219-0473-0 | ||
| 041 |
_aeng _h |
||
| 082 |
_a516.33 _bSAN/AN |
||
| 100 | _aShanti, Narayanan . | ||
| 245 |
_aAnalytical solid geometry / _cShanti Narayanan. _hTextual Documents |
||
| 250 |
_a15 / _b. |
||
| 260 |
_aNew Delhi : _bS.Chand and Co , _c1994. |
||
| 300 | _a306 ; . | ||
| 504 | _a | ||
| 942 | _cBK | ||
| 999 |
_c5431 _d5431 |
||